000
00305nam a22001337a 4500
020
_a
978-81-937669-1-0
041
_a
ENG
100
_a
Sunda Raj
245
_a
A Competitive Book Of Agriculture
260
_a
Jaipur
_b
Surahee PUb
_c
2019
300
_a
412
650
_a
Banking
856
_u
Competitive Exam
999
_c
145
_d
145